000 00450nam a2200193Ia 4500
008 170705s9999 xx 000 0 und d
020 _a9780439670203
245 4 _aThe Akhenaten adventure /
245 _cP. B. Kerr.
260 _aNew York :
260 _bScholastic,
260 _c2004
300 _a355 pages :
300 _bcolor illustration ;
300 _c19cm.
440 _aChildren of the lamp ;
440 _v1
500 _a900
999 _c336612
_d336612